00256nam a2200097Ia 4500082001200000245001400012100006500026942000700091008004100098999001900139 aAF BERG 0aHartejag  a BERGH, Rene Pretoria, 2002 Grootdrukuitg 911087 cBK210817s9999 xx 000 0 und d c415761d415760